Statistics for 2023 Oscar Nominees

Click here to take the quiz!

General Stats

  • This quiz has been taken 658 times
  • The average score is 16 of 34

Answer Stats

#Movies% Correct
11Everything Everywhere
All at Once
85%
6Top Gun: Maverick
85%
4Avatar: The Way of Water
74%
9The Banshees
of Inisherin
74%
6Tár
70%
3The Whale
70%
9All Quiet on the
Western Front
69%
5Black Panther:
Wakanda Forever
69%
8Elvis
68%
7The Fabelmans
64%
1Guillermo del Toro's Pinocchio
56%
1Aftersun
55%
3Triangle of Sadness
54%
2Women Talking
52%
3Babylon
48%
1Turning Red
47%
1Puss in Boots: The Last Wish
46%
1RRR
44%
1Blonde
43%
3The Batman
43%
2Living
42%
1Glass Onion:
A Knives Out Mystery
38%
1To Leslie
37%
1Argentina, 1985
33%
1Marcel the Shell with Shoes on
32%
1Causeway
30%
1EO
30%
1The Sea Beast
28%
1Close
27%
1Empire of Light
27%
1The Quiet Girl
25%
1Bardo, False Chronicle
of a Handful of Truths
24%
1Mrs. Harris Goes to Paris
21%
1Tell It Like a Woman
14%

Score Distribution

Percentile by Number Answered

Percent of People with Each Score

Your Score History

You have not taken this quiz